[Event "Challenge"]
[Site "http://www.queenalice.com/game.php?id=815635"]
[Date "2010.8.9"]
[Round "-"]
[White "Kriskraft"]
[Black "memed"]
[Result "1/2-1/2"]
[WhiteElo "1100"]
[BlackElo "816"]

1. d4 e6 2. h4 Bb4+ 3. c3 Ba5 4. b4 d6 5. bxa5 Bd7 6. Bg5 f6 7. Bf4 e5 8. dxe5
fxe5 9. Bg5 h6 10. Bxd8 Kxd8 11. a6 Nxa6 12. e4 Kc8 13. a4 h5 14. g4 Nc5 15.
gxh5 Nxe4 16. Bb5 c6 17. Bd3 Nxc3 18. Nxc3 Nf6 19. Ne4 Nxh5 20. Nxd6+ Kd8 21.
Qf3 Nf4 22. Nxb7+ Kc7 23. Nc5 Rab8 24. Ba6 e4 25. Qxf4+ Kb6 26. Nxd7+ Kxa6 27.
Nxb8+ Kb7 28. Nd7 Rd8 29. Nc5+ Kb6 30. Nxe4 Rd3 31. Rb1+ Ka6 32. a5 g5 33. Qxg5
Ra3 34. Nd6 Ra4 35. Rh3 Re4+ 36. Nxe4 c5 37. Qxc5 1/2-1/2

[Event "Challenge"]
[Site "http://www.queenalice.com/game.php?id=815636"]
[Date "2010.8.9"]
[Round "-"]
[White "memed"]
[Black "Kriskraft"]
[Result "1/2-1/2"]
[WhiteElo "887"]
[BlackElo "1005"]

1. d4 d5 2. e3 Bg4 3. f3 Bh5 4. Bb5+ c6 5. Ba4 Qa5+ 6. Kf1 Qxa4 7. b3 Qb4 8. a3
Qb5+ 9. Ke1 a5 10. a4 Qb6 11. Nh3 c5 12. Nd2 cxd4 13. Nf4 g6 14. Nxd5 Qe6 15.
Nc7+ Kd7 16. Nxa8 Nc6 17. Nc4 Nb4 18. Qxd4+ Qd6 19. Nxd6 exd6 20. e4 Nxc2+ 21.
Kd1 Nxd4 22. Nb6+ Ke8 23. Be3 Nxb3 24. Ra3 Nc5 25. Nd5 Nh6 26. Rb3 Nxb3 27. Nc7+
Kd8 28. Na8 f5 29. Bb6+ Ke8 30. Nc7+ Kf7 31. Ne8 Kxe8 32. Ke2 fxe4 33. Bc7 Bxf3+
34. gxf3 exf3+ 35. Kxf3 Nd2+ 36. Kg2 Be7 37. Re1 Rf8 38. Rd1 Ne4 39. Bxa5 Bh4
40. Rxd6 Nxd6 41. Bc7 Ne4 42. Be5 g5 43. a5 Nf5 44. a6 bxa6 45. Bg7 Nxg7 46. Kh3
Rf2 47. Kg4 h5+ 48. Kh3 Nf5 1/2-1/2

[Event "9 Aug Challenge"]
[Site "http://www.queenalice.com/game.php?id=815637"]
[Date "2010.8.9"]
[Round "-"]
[White "spartan117"]
[Black "Kriskraft"]
[Result "1-0"]
[WhiteElo "1444"]
[BlackElo "976"]

1. e4 e5 2. Nf3 Bb4 3. c3 Ba5 4. Nxe5 d6 5. Qa4+ Bd7 6. Qxa5 dxe5 7. Qxe5+ Qe7
8. Qxg7 Nf6 9. Qxh8+ Qf8 10. Qxf6 c5 11. b3 Bg4 12. Bb5+ Bd7 13. Ba3 Bxb5 14. c4
Bc6 15. Nc3 Nd7 16. Qf5 Nb6 17. Bxc5 Qxc5 18. Qxc5 Rd8 19. O-O-O Bxe4 20. Nxe4
Nd7 21. Qxa7 h5 22. Nd6+ Kf8 23. Nxb7 Re8 24. Rde1 Ne5 25. Nd6 Rd8 26. Qa3 h4
27. Rxe5 Kg8 28. Rd1 Rxd6 29. Qxd6 Kg7 30. Re7 Kh7 31. Rxf7+ Kg8 32. Qf8# 1-0

[Event "Challenge"]
[Site "http://www.queenalice.com/game.php?id=816004"]
[Date "2010.8.10"]
[Round "-"]
[White "swhatcher"]
[Black "Kriskraft"]
[Result "1-0"]
[WhiteElo "1007"]
[BlackElo "976"]

1. e4 e5 2. d4 exd4 3. Qxd4 Qf6 4. Qe3 d5 5. exd5+ Ne7 6. Nf3 Bg4 7. Bc4 Qb6 8.
O-O Qxe3 9. fxe3 Nd7 10. Ng5 Nc5 11. Nxf7 Kd7 12. Nxh8 Nf5 13. h3 Bd6 14. hxg4
Ng3 15. Rf7+ Kc8 16. Rxg7 Ne2+ 17. Bxe2 Ne4 18. g5 Bg3 19. Bg4+ Kd8 20. Nf7+ Ke7
21. Ne5+ Kf8 22. Rf7+ Ke8 23. Rf5 Nd6 24. Bh5+ Ke7 25. Rf3 Bh4 26. g6 hxg6 27.
Bxg6 Rg8 28. e4 c5 29. g3 Bf6 30. Bh7 Rg5 31. Bxg5 Bxg5 32. Nc3 b5 33. Nxb5 Nxb5
34. Rf7+ Kd8 35. Nc6+ Ke8 36. Raf1 Be3+ 37. Kg2 Nd6 38. Re7# 1-0

[Event "Kris cyril N2"]
[Site "http://www.queenalice.com/game.php?id=816396"]
[Date "2010.8.11"]
[Round "-"]
[White "Kriskraft"]
[Black "cyrillt"]
[Result "0-1"]
[WhiteElo "914"]
[BlackElo "1756"]

1. d4 d5 2. Nc3 Nf6 3. Bf4 Nc6 4. Qd3 Bd7 5. O-O-O g6 6. Nf3 Ng4 7. Qb5 b6 8.
Qxd5 Nxf2 9. Ne4 Nxd1 10. Kxd1 e6 11. Qc4 Na5 12. Qa6 Bg7 13. g4 O-O 14. Nfg5
Bc6 15. Bg2 Qxd4+ 16. Kc1 Qxb2+ 17. Kd2 Rad8+ 18. Ke3 Qd4+ 19. Kf3 Rd7 20. Qxa7
Ra8 21. Qxa8+ Bxa8 22. Kg3 e5 23. Bc1 h6 24. Nh3 f5 25. gxf5 Bxe4 26. Bxe4 Qxe4
27. Kf2 g5 28. Rg1 Qd4+ 29. e3 Qh4+ 30. Rg3 Rd1 31. Ba3 Qc4 32. Kf3 e4+ 33. Kf2
Qf1# 0-1

[Event "Challenge"]
[Site "http://www.queenalice.com/game.php?id=817244"]
[Date "2010.8.12"]
[Round "-"]
[White "Kriskraft"]
[Black "memed"]
[Result "1-0"]
[WhiteElo "914"]
[BlackElo "833"]

1. e4 e5 2. Bc4 Qf6 3. Nf3 Qg6 4. d3 Qxg2 5. Kd2 Qxh1 6. Qxh1 d6 7. Ng5 Nf6 8.
Bxf7+ Kd7 9. Qf3 h6 10. Qf5+ Kc6 11. Qxc8 hxg5 12. Nc3 Ng4 13. Bd5+ Kb6 14. a4
c6 15. a5+ Ka6 16. Qd8 Nxh2 17. Bc4+ b5 18. Qc8# 1-0

[Event "Ratp chris cyril n•3"]
[Site "http://www.queenalice.com/game.php?id=818716"]
[Date "2010.8.15"]
[Round "-"]
[White "Kriskraft"]
[Black "cyrillt"]
[Result "0-1"]
[WhiteElo "914"]
[BlackElo "1766"]

1. e4 e5 2. Bb5 c6 3. Ba4 b5 4. Bb3 Bc5 5. Qg4 Qf6 6. Ne2 Ne7 7. O-O d5 8. exd5
Bxg4 9. dxc6 Bxe2 10. Re1 Qxf2+ 11. Kh1 Qxe1# 0-1

[Event "Ratp chris cyril n•3"]
[Site "http://www.queenalice.com/game.php?id=818717"]
[Date "2010.8.15"]
[Round "-"]
[White "Kriskraft"]
[Black "cyrillt"]
[Result "0-1"]
[WhiteElo "914"]
[BlackElo "1776"]

1. Nf3 d5 2. e3 Nc6 3. Nd4 Bd7 4. Nxc6 Bxc6 5. Qg4 Nf6 6. Qb4 e5 7. Bb5 Bxb4 8.
c3 Bd6 9. Bxc6+ bxc6 10. d4 e4 11. Na3 O-O 12. O-O Ng4 13. Bd2 Bxh2+ 14. Kh1 Bf4
15. g3 Qg5 16. exf4 Qh6+ 17. Kg2 Qh2# 0-1

[Event "Ratp chris cyril n•4"]
[Site "http://www.queenalice.com/game.php?id=819704"]
[Date "2010.8.17"]
[Round "-"]
[White "Kriskraft"]
[Black "cyrillt"]
[Result "0-1"]
[WhiteElo "943"]
[BlackElo "1792"]

1. b4 e5 2. c4 Bxb4 3. Qa4 Nc6 4. a3 a5 5. Qb5 Nd4 6. Qxe5+ Ne6 7. axb4 a4 8. d4
d6 9. Qg3 Qf6 10. h4 Nxd4 11. Qe3+ Be6 12. Nh3 Nc2+ 13. Kd1 Nxe3+ 14. fxe3 Qxa1
15. Nd2 a3 16. Nb3 Qc3 17. Nd2 a2 18. e4 a1=Q 0-1

[Event "Challenge"]
[Site "http://www.queenalice.com/game.php?id=827506"]
[Date "2010.9.3"]
[Round "-"]
[White "Kriskraft"]
[Black "kleberrocha"]
[Result "0-1"]
[WhiteElo "915"]
[BlackElo "989"]

1. d4 b5 2. e4 e6 3. Bxb5 a6 4. Bf1 Nf6 5. e5 Nd5 6. Nf3 g6 7. Nc3 Bb4 8. Bd2
Nc6 9. Na4 Rb8 10. c3 Ba5 11. c4 Ndb4 12. c5 d6 13. cxd6 cxd6 14. h4 Nd5 15.
Bxa5 Nxa5 16. g4 Bb7 17. b4 Nf4 18. bxa5 Qxa5+ 19. Nd2 Bxh1 20. exd6 Rb4 21. Nc3
Rxd4 22. Qc1 O-O 23. Ncb1 Be4 24. h5 Bd3 25. Bh3 Nxh3 26. hxg6 hxg6 27. Qb2 Re4+
28. Kd1 Nxf2+ 29. Kc1 Rc8+ 0-1

[Event "Challenge"]
[Site "http://www.queenalice.com/game.php?id=830916"]
[Date "2010.9.10"]
[Round "-"]
[White "Matheusjos10"]
[Black "Kriskraft"]
[Result "1-0"]
[WhiteElo "1017"]
[BlackElo "810"]

1. e4 d5 2. Nc3 e6 3. Bb5+ c6 4. Ba4 d4 5. Nce2 Qd7 6. Nf3 d3 7. Nc3 dxc2 8.
Qxc2 e5 9. Nxe5 Qg4 10. Nxg4 Bxg4 11. f3 Bc8 12. Qd3 h5 13. O-O g5 14. Re1 h4
15. Re3 b5 16. Bb3 h3 17. Qd4 Nd7 18. Rd3 b4 19. Na4 Ba6 20. Re3 Ngf6 21. gxh3
1-0

[Event "cyrillt"]
[Site "http://www.queenalice.com/game.php?id=831221"]
[Date "2010.9.11"]
[Round "1"]
[White "Kriskraft"]
[Black "menzo"]
[Result "0-1"]
[WhiteElo "823"]
[BlackElo "1040"]

1. d4 d5 2. Nf3 Nf6 3. Na3 Nc6 4. e3 h5 5. Nh4 g6 6. f4 Ne4 7. Qd3 a5 8. Qb5 g5
9. fxg5 e6 10. g6 Ng5 11. Bd3 Rg8 12. Rf1 fxg6 13. Nxg6 Bb4+ 14. c3 Bd6 15. h4
Bg3+ 16. Kd1 b6 17. Qxc6+ Bd7 18. Qb7 Rb8 19. Qa6 Bc6 20. Bb5 Qd7 21. hxg5 Rxg6
22. Qa7 Ra8 23. Qxa8+ Bxa8 24. Bxd7+ Kxd7 25. b4 Rxg5 26. Nb5 h4 27. e4 Rg6 28.
c4 dxc4 29. a4 Rg4 30. d5 exd5 31. e5 Bxe5 32. Ra2 axb4 33. Re2 c6 34. Rxe5 cxb5
35. axb5 d4 36. Bb2 c3 37. Rf7+ Kd6 38. Re2 cxb2 39. Rxb2 Bxg2 40. Rxb4 h3 41.
Kc2 Be4+ 42. Kb3 Rg3+ 43. Kc4 Rd3 44. Rf6+ Ke5 45. Rxb6 Rc3# 0-1

[Event "Challenge"]
[Site "http://www.queenalice.com/game.php?id=832395"]
[Date "2010.9.13"]
[Round "-"]
[White "harturm"]
[Black "Kriskraft"]
[Result "1-0"]
[WhiteElo "937"]
[BlackElo "874"]

1. Nh3 d5 2. e3 e5 3. Qf3 e4 4. Qf4 Bd6 5. Qg5 f6 6. Qxg7 Bf8 7. Qxh8 Kf7 8.
Qxh7+ Ke8 9. Qxg8 Nc6 10. Qg6+ Kd7 11. Be2 f5 12. Nf4 a5 13. b3 Nb4 14. Ne6 Qh4
15. Qf7+ Kc6 16. Qxf8 f4 17. Qe8+ Kd6 18. O-O Qf6 19. a3 Nxc2 20. Ra2 Na1 21.
Rxa1 Qxe6 22. Qxe6+ Kxe6 23. exf4 1-0

[Event "Challenge"]
[Site "http://www.queenalice.com/game.php?id=833054"]
[Date "2010.9.15"]
[Round "-"]
[White "kleberrocha"]
[Black "Kriskraft"]
[Result "1-0"]
[WhiteElo "1049"]
[BlackElo "844"]

1. e3 e5 2. h4 d5 3. Nf3 c5 4. g3 e4 5. Ng5 f6 6. Nh3 f5 7. Nc3 d4 8. exd4 cxd4
9. Nd5 Qxd5 10. c4 Qa5 11. b4 Qxb4 12. Nf4 Qxc4 13. Bxc4 a5 14. Rb1 g5 15. hxg5
h5 16. Nxh5 Nc6 17. Bb2 d3 18. Bxh8 Nb4 19. Qa4+ Ke7 20. Rxb4 e3 21. Bxg8 Bd7
22. Bf6+ Ke8 23. Qb3 Be7 24. Rxb7 exd2+ 25. Kxd2 Bc6 26. Rxe7+ Kd8 27. Rc1 Bf3
28. Ng7 Ra6 29. Qb8# 1-0

[Event "Challenge"]
[Site "http://www.queenalice.com/game.php?id=833758"]
[Date "2010.9.16"]
[Round "-"]
[White "Kriskraft"]
[Black "memed"]
[Result "0-1"]
[WhiteElo "814"]
[BlackElo "1150"]

1. e4 e5 2. d4 exd4 3. Qxd4 c5 4. Qe5+ Be7 5. Qxg7 Bf6 6. Qg4 d6 7. Qe2 Qa5+ 8.
c3 Nc6 9. Na3 Nh6 10. Qh5 Bg7 11. Qg5 Bf8 12. Bc4 Ne5 13. Bd5 Nd3+ 14. Kf1 Ng4
15. h3 Nge5 16. Qf6 Rg8 17. Nf3 Qc7 18. Nb5 Qb6 19. Nbd4 cxd4 20. Nxd4 Nd7 21.
Qf3 N7e5 22. Qh5 Rh8 23. a4 Nf4 24. a5 Qc7 25. Bxf4 Ng6 26. Qf5 Bxf5 27. Ne6
fxe6 28. exf5 Nxf4 29. fxe6 Rg8 30. g3 Nxd5 31. Kg2 h5 32. h4 Bh6 33. Rad1 Qc6
34. Rde1 O-O-O 35. b4 Ne3+ 36. Kh3 Ng2 37. c4 Nxe1 38. Rxe1 Qf3 39. e7 Qg4+ 40.
Kg2 Qxg3+ 41. fxg3 Rde8 42. Re6 b5 43. Rxh6 bxc4 44. Rxd6 Rxe7 45. Rc6+ Kd7 46.
Rc5 Rc8 47. Rxh5 c3 48. Rd5+ Ke8 49. Rd1 c2 50. Rc1 Rd7 51. Rh1 Rd1 52. Rxd1
cxd1=Q 53. Kh3 Rc4 54. Kg2 Qe2+ 55. Kg1 Rc1# 0-1

[Event "Challenge"]
[Site "http://www.queenalice.com/game.php?id=833759"]
[Date "2010.9.16"]
[Round "-"]
[White "Kriskraft"]
[Black "memed"]
[Result "0-1"]
[WhiteElo "894"]
[BlackElo "944"]

1. Nf3 d5 2. e4 dxe4 3. Ne5 Qd6 4. Qg4 Bxg4 5. Nxg4 Nh6 6. h3 Nc6 7. b4 Nxb4 8.
c4 g5 9. f4 gxf4 10. a3 Nc2+ 11. Kd1 Nxa1 12. h4 Nxg4 13. h5 Nf2+ 14. Ke2 Nxh1
15. Nc3 Ng3+ 16. Kf2 Rg8 17. a4 Nxf1 18. Kxf1 Qd3+ 19. Ke1 Rxg2 20. Nb5 Nc2+ 21.
Kd1 Rg1# 0-1

[Event "Challenge"]
[Site "http://www.queenalice.com/game.php?id=833760"]
[Date "2010.9.16"]
[Round "-"]
[White "memed"]
[Black "Kriskraft"]
[Result "1-0"]
[WhiteElo "987"]
[BlackElo "834"]

1. Nc3 e5 2. e4 Bb4 3. Na4 d5 4. c3 Ba5 5. Bb5+ c6 6. Be2 f5 7. Bh5+ g6 8. Be2
b5 9. Nc5 Qg5 10. Nb3 Qxg2 11. Bf3 Qg5 12. Nxa5 dxe4 13. Be2 f4 14. f3 Qh4+ 15.
Kf1 Na6 16. Nxc6 Nc5 17. b4 Nd3 18. Bb2 a5 19. bxa5 Nf2 20. Qe1 Bh3+ 21. Nxh3
Qxh3+ 22. Kxf2 Nf6 23. Qg1 Qh4+ 24. Kg2 exf3+ 25. Bxf3 e4 26. Be2 f3+ 27. Bxf3
exf3+ 28. Kxf3 Rc8 29. Nd4 Nd5 30. Re1+ Ne7 31. Nxb5 Rd8 32. Qe3 Rf8+ 33. Kg2 g5
34. Qxe7# 1-0

[Event "Premiere"]
[Site "http://www.queenalice.com/game.php?id=842211"]
[Date "2010.10.5"]
[Round "-"]
[White "Kriskraft"]
[Black "Pandorline"]
[Result "0-1"]
[WhiteElo "811"]
[BlackElo "1175"]

1. e4 e5 2. Nf3 Nc6 3. c4 Bc5 4. h4 Nf6 5. a4 Nxe4 6. d3 Bb4+ 7. Ke2 Nd4+ 8. Ke3
Nc5 9. Nxd4 exd4+ 10. Kxd4 Qf6+ 11. Ke3 Qe5+ 12. Kf3 Qf5+ 0-1

[Event "Challenge"]
[Site "http://www.queenalice.com/game.php?id=854728"]
[Date "2010.11.4"]
[Round "-"]
[White "memed"]
[Black "Kriskraft"]
[Result "1-0"]
[WhiteElo "1256"]
[BlackElo "793"]

1. e4 e5 2. Bc4 Nf6 3. Nh3 Nxe4 4. d3 Nc5 5. Qf3 Qf6 6. Qg3 e4 7. d4 Qxd4 8. Na3
Bd6 9. Nf4 g5 10. Qxg5 e3 11. Bxe3 Qxb2 12. O-O Qxa3 13. Qg7 Rf8 14. Qxh7 Qc3
15. Bd3 Nxd3 16. cxd3 Rh8 17. Qe4+ Be7 18. Bd4 Qc2 19. Bxh8 Kf8 20. Rae1 Kg8 21.
Qxe7 Kxh8 22. Qxf7 Qc3 23. Re8# 1-0